Представление документа в формате RUSMARC

ПолеНазваниеЗначение
  Тип записи a
  Библиографический уровень a
001 Контрольный номер RU/CBS_UL/BASE/8db3d3c51c034d8f9cc1ca48c06d7b01
005 Дата корректировки 20250119163628.4
100 Данные общей обработки __
a Данные общей обработки 20250119 ||| 0rusy0189 ca
101 Язык документа 0_
a Язык текста rus
102 Страна публикации __
a Страна публикации RU
200 Заглавие и сведения об ответственности 1_
a Заглавие "Ия, бросай всех и выходи за меня замуж!" - говорил Ефремов Саввиной
e Сведения, относящиеся к заглавию [о жизни и творчестве актрисы И. Саввиной]
g Последующие сведения об ответственности подгот.А. Пахомова
300 Общие примечания __
a Общие примечания 16+
461 Уровень набора _0
1 2000
a Коллекция КАРАВАН историй
463 Уровень физической единицы _0
1 2000
a № 1
v С. 174-191 : фот.
1 2101
d 2025
1 001RU/CBS_UL/BASE/4efd06789f004a36b324ef1cc5fc02bc
600 Персоналии _1
a Персоналии (Фамилия) Саввина
b Персоналии (Имя, инициалы) И.С.
606 Тематические рубрики 0_
a Основная рубрика Саввина, Ия Сергеевна (1936-2011)
610 Ключевые слова 0_
a Ключевые слова актрисы советские
610 Ключевые слова 0_
a Ключевые слова актрисы российские
610 Ключевые слова 0_
a Ключевые слова актрисы театра и кино
610 Ключевые слова 0_
a Ключевые слова народные артистки СССР
610 Ключевые слова 0_
a Ключевые слова лауреаты Государственной премии СССР
610 Ключевые слова 0_
a Ключевые слова лауреаты Государственной премии РСФСР имени братьев Васильевых
686 Индексы других классификаций __
2 Код системы rubbk
a Классификационный индекс 85.374(2)
801 Источник записи _0
a Страна RU
b Организация МБУК ЦБС г. Ульяновска
c Дата составления 20250119
g Правила каталогизации RCR
801 Источник записи _1
a Страна RU
b Организация МБУК ЦБС г. Ульяновска
c Дата составления 20250119
g Правила каталогизации RCR
901 Тип документа __
t Тип документа b
w Контрольный № источника RU/CBS_UL/BASE/4efd06789f004a36b324ef1cc5fc02bc
909 Создатель записи __
a Создатель записи lib1